| 000 | 00804nam a22002057a 4500 | ||
|---|---|---|---|
| 003 | NUST-PNEC | ||
| 005 | 20170116181019.0 | ||
| 008 | 140508b xxu||||| |||| 00| 0 eng d | ||
| 020 | _a0132499541 | ||
| 040 | _cLIBRARY | ||
| 082 | _a621.3815 BEL | ||
| 100 |
_9102 _aBell, David A. |
||
| 245 |
_aElectronic instrumentation and measurements _cDavid A. Bell |
||
| 250 | _a2nd ed. | ||
| 260 |
_aNew Dehli _bAsoke K , Gosh, Prentice-Hall of India _cc.1994 |
||
| 300 |
_avii, 451 p. : _bill. : _c23 cm. |
||
| 500 | _aIncludes Index http://www.amazon.com/Electronic-Instrumentation-Measurements-David-Bell/dp/0132499541/ref=sr_1_fkmr0_1?s=books&ie=UTF8&qid=1399533275&sr=1-1-fkmr0&keywords=electronic+instrumentation+and+measurements+david+a+bell+1997 | ||
| 650 |
_xEL _910569 _aElectronic |
||
| 942 |
_2ddc _cBK |
||
| 999 |
_c67354 _d67354 |
||